000 00300nam a22001337a 4500
999 _c13637
_d13637
020 _a0 00 715277 9
082 _a823.92
_bKHA
100 _aUzma Aslam Khan
245 _aTrespassing
260 _aLondon
_bFlamingp
_c2003
300 _aViii, 448 Pages
650 _aNovel, English Novel
942 _cBK